MDQL
is popping MORE tags! Check the
thread
!
Quizzes
Events
Quiz Creation
Community
Videos
Private Events
Remove Ads
Sign In
Join for FREE
Feedback
Dark Mode
Quiz Categories
Sports
Geography
Music
Movies
Television
Just For Fun
Miscellaneous
History
Literature
Language
Science
Gaming
Entertainment
Religion
Holiday
For Kids
Quiz Lab
Recent
Popular Today
Quiz Kudos Today
Editor Picks
Curator Picks
Quizzes by...
Day
Popularity
Type
Ratings
Length
Year
Community
Subscriptions
Recent Discussions
Orange Saloon
Badges
Playlists
Quests
Create
Leaderboards
Showdown
Live 5
Trivia Bingo
Activity
Puzzle Library
Sporcle Events
Private Events
Virtual Trivia
Globe League
Become a Host
Pub Owners
SporcleCon
Opinionation
Our Games
Videos
Blog
Mobile Apps
Partnerships
Remove Ads and Go Orange
Feedback
Music
Pop Music
The Beatles
Song
Album
Lyrics
Bands
Singers
Artist
Clip
Rock
Rap
Classical
Billboard
Country Music
Kpop
Taylor Swift
Music
Pop Music
The Beatles
Song
Album
Lyrics
Bands
Singers
Artist
Clip
Rock
Rap
Classical
Billboard
Country Music
Kpop
Taylor Swift
Random Quiz
Search Sporcle
×
Quiz Lab
Quiz Lab
Music
Kpop
Type answers based on single images at one time
Type answers based on single images at one time
Slideshow
Best Score? Go Orange.
Guess the kpop group and its members Stats
Can you name the Guess the kpop group and its members?
By
sugaandspice
15m
93 Questions
2,014 Plays
2,014 Plays
2,014 Plays
Comments
Comments
Give Quiz Kudos
Give Quiz Kudos
-
- Ratings
hide this ad
Replay
Link that replays current quiz
Next Quiz
Link to next quiz in quiz playlist
You Got
0%
They Got
Avg Score
65%
Avg Friend Score
Upgrade to see
Score Distribution
Jump to the score distribution portion of the page
Score
0/93
Timer
15:00
0
Plays Today
% Correct
BTS
99.2%
RM
98.6%
Suga
97.1%
Jimin
96.9%
JHope
96.8%
Jin
96.6%
Jungkook
96.3%
GOT7
90.6%
Jackson
88.4%
EXO
87.9%
Bambam
87.5%
Mark
86.7%
Big Bang
86.5%
JB
85.9%
Kai
85.5%
V
84.8%
D.O
84.6%
G-Dragon
84.2%
Seventeen
83.8%
Jinyoung
83.3%
Monsta X
83.3%
Sehun
82.9%
Suho
82.9%
Xiumin
82.7%
T.O.P
82.6%
Chen
82.4%
Chanyeol
82.3%
Youngjae
82.1%
Yugyeom
82%
Lay
81.9%
Baekhyun
81.2%
% Correct
SHINee
80.1%
Taeyang
79.2%
Taemin
78.9%
Seungri
78.1%
Minho
77.6%
Woozi
77.4%
Daesung
76.5%
Vernon
76.3%
Key
75.7%
S.Coups
74.8%
Jonghyun
74.5%
Onew
73.9%
ASTRO
73.5%
Shownu
73.4%
VIXX
72.7%
Joshua
72.6%
iKon
72%
Wonho
71.8%
Hoshi
71.5%
I.M
71.3%
The8
70.5%
Minhyuk
70.4%
Bobby
70.3%
Dino
69.5%
Jun
69.5%
Kihyun
69.3%
Hyungwon
69.2%
DK
68.7%
Mingyu
68.1%
Jeonghan
67.8%
Wonwoo
67.3%
% Correct
Jooheon
67.2%
Seungkwan
67%
Eunwoo
66.7%
WINNER
66.5%
B.I
66.1%
Leo
65%
JinJin
64.2%
Rocky
64%
Moonbin
63.9%
Ravi
63.8%
Sanha
62.6%
Mino
62.2%
MJ
62.2%
Ken
61.2%
Ju-ne
59.3%
N
58.2%
Hyuk
57.8%
Hongbin
56.6%
Chan
55.4%
Jay
55.1%
Song
52.1%
DK
52.1%
Jinu
50.6%
Hoony
48.4%
Yoon
47.7%
A.C.E
45%
Jun
34.6%
Chan
33.5%
Wow
32.9%
Jason
31.6%
Donghun
28.7%
Quiz Playlist
Details
Report
Send in Message
Add To Playlist
Slideshow:
Type answers based on single images at one time
Last Updated: Mar 2, 2019
Quiz Scoreboard
CHALLENGE
Sign Up to Join the Scoreboard
Show All
Scores
Hide
Comments
May contain spoilers
Recently Published
5x2 Blitz: Bands
by SL_Kpop136
Music
30s
Colored Red Africa Blitz
by spor1
Geography
30s
Find the 'City' Movie
by crazypaving
Movies
60s
More to Explore
Quiz From the Vault
Featured Blog Post
14 Easter Pick-up Lines to Find Eggs With
hide this ad
You Might Also Like...
Tags
Kpop Quiz
Ace
astro
Big Bang
BTS
Exo
Got7
Kpop Quiz
Monsta X
Seventeen
SHINee
VIXX
Today's Top Quizzes in Music
Browse Music
hide this ad
Today's Top Quizzes in Kpop
Browse Kpop
Top Contributed Quizzes in Music
1
5X2 Blitz: Bands II
2
Taylor Swift All Songs (2024)
3
Taylor Swift Logic Puzzle II
4
5X2 Blitz: The Beatles
5
5X2 Blitz: Billboard
6
Taylor Swift Logic Puzzle
7
5X2 Blitz: Billboard II
8
5X2 Blitz: Album
9
5X2 Blitz: Singers
10
Music Artist by Three 2010s hits
Explore More
Trending Topics
NBA
Marvel
Disney
Kpop
Anime
Harry Potter
Crossword
Puzzle
WWE
NFL
Soccer
The Office
Pokémon
Country
Song
hide this ad
More By:
sugaandspice
Quiz
Plays
Rating
Category
Featured
Created
Guess the kpop group and its members
2,014
5.00
Music
Nov 23, 2017
Guess The Seventeen Members
1,782
5.00
Music
Nov 23, 2017
Guess the kpop group and its members
255
5.00
Music
Jan 21, 2018
Go to Creator's Profile
Score Distribution
Quiz Creator Spotlight
sugaandspice
Follow
Send a Message
Quizzes Created
-
Created Quiz Play Count
-
More By This Creator
Popular Quizzes Today
1
Colored Red Africa Blitz
2
Find the 'City' Movie
3
Find the US States - No Outlines Minefield
4
5x2 Blitz: Bands
5
The Countries of the World
6
Find the US States
7
US States
8
9x9 Crossword: Cartoon Network
More Music Quizzes
British or American Bands VII
Quiz Lab
Trending Quizzes
Colored Red Europe Blitz I
Colored Red Europe Blitz II
Colored Red Africa Blitz II
Colored Red Europe Blitz III
Colored Red Africa Blitz III
Recently Updated
How Do You Spell That?
pecheneg
Godzilla Movies
pecheneg
Grab Bag: 4-10 Letters
pecheneg
2024 March Madness Bracket
pecheneg
Famous TV Couples
Peacemaker
Champions League XIs: Real Madrid
pecheneg
Largest US Cities 1790-2010
pecheneg
Rides in Walt Disney World
pecheneg
Most Oscar Losses (Acting)
pecheneg
Beyoncé Albums
pecheneg
Trending Topics
Crossword
Marvel
Kpop
Harry Potter
Anime
NBA
Disney
WWE
Puzzle
Soccer
Pokémon
Country
NFL
Song
The Office
Your Account Isn't Verified!
In order to create a playlist on Sporcle, you need to verify the email address you used during registration. Go to your
Sporcle Settings
to finish the process.
Report this User
Report this user for behavior that violates our
Community Guidelines
.
Details:
Send Report
Go to the Sporcle.com Mobile Site →
Comments